| 000 | 01018nam a22002057a 4500 | ||
|---|---|---|---|
| 999 |
_c57166 _d57166 |
||
| 003 | Ge_BSU | ||
| 005 | 20191216141734.0 | ||
| 008 | 191216s2018 ||||| |||| 00| 0 geo d | ||
| 020 | _a9789941807909 | ||
| 041 | _ageo | ||
| 080 | _a821.353.1-1 ბ-25 | ||
| 100 |
_aბარბაქაძე, დათო _95805 |
||
| 245 |
_aტბის სანაპიროს სიმღერები : _b[ლექსების კრებული] / _cდათო ბარბაქაძე ; ბოლოსიტყვ.: ბელა წიფურია ; დიზაინ : გვანცა მახათაძე |
||
| 264 |
_aთბილისი : _b პოეზია, _c2018. |
||
| 300 |
_a120 გვ. ; _c20 სმ. |
||
| 653 | _aქართული პოეზია | ||
| 700 |
_aწიფურია, ბელა _eბოლოსიტყვაობა _92692 |
||
| 700 |
_a მახათაძე, გვანცა _eდიზაინერი _95807 |
||
| 942 |
_2udc _cBK |
||